What color is your parachute? (Record no. 61620)

MARC details
000 -LEADER
fixed length control field 00656nam a2200181 a 4500
008 - FIXED-LENGTH DATA ELEMENTS--GENERAL INFORMATION
fixed length control field 120416s1983 ||||||||||||||||| || u
050 ## - LIBRARY OF CONGRESS CALL NUMBER
Classification number HF 5382.7 Bol
100 ## - MAIN ENTRY--PERSONAL NAME
Personal name Bolles, Richard Nelson
245 10 - TITLE STATEMENT
Title What color is your parachute?
246 ## - VARYING FORM OF TITLE
Title proper/short title a practical manual for job-hunters and career changers
260 ## - PUBLICATION, DISTRIBUTION, ETC.
Place of publication, distribution, etc. Berkeley, [Calif.]
Name of publisher, distributor, etc. Ten Speed Press
Date of publication, distribution, etc. 1983
300 ## - PHYSICAL DESCRIPTION
Extent xvii, 343p. : ill.
350 ## - PRICE (NR) (BK AM CF MU VM SE) [OBSOLETE]
Price 0.00
650 ## - SUBJECT ADDED ENTRY--TOPICAL TERM
Topical term or geographic name entry element JOB HUNTING
650 ## - SUBJECT ADDED ENTRY--TOPICAL TERM
Topical term or geographic name entry element CAREER CHANGES
650 ## - SUBJECT ADDED ENTRY--TOPICAL TERM
Topical term or geographic name entry element VOCATION
995 ## - RECOMMENDATION 995 [LOCAL, UNIMARC FRANCE]
-- 0.00
-- CBU-MAIN LIBRARY (Kitwe)
-- 1
-- 0.00
-- 1
-- AVAILABLE
-- Main Library Open Access Collection
Holdings
Withdrawn status Lost status Source of classification or shelving scheme Damaged status Not for loan Home library Current library Shelving location Date acquired Total Checkouts Full call number Barcode Date last seen Price effective from Koha item type
          CBU-MAIN LIBRARY, KITWE. CBU-MAIN LIBRARY, KITWE.   11/30/2022   HF 5382.7 Bol 004849 11/30/2022 11/30/2022 MONOGRAPH